[Event "Ruhrgebiet Bezirksliga 17/18"]
[Site "Ruhrgebiet"]
[Date "2017.11.19"]
[Round "4.6"]
[White "Weigang, Peter"]
[Black "Eichhorn, Robin"]
[Result "1/2-1/2"]
[WhiteElo "1662"]
[BlackElo "1728"]
[PlyCount "41"]
[EventDate "2017.09.03"]
[EventType "team-tourn"]
[EventRounds "9"]
[EventCountry "GER"]
[SourceTitle "EXT 2022"]
[Source "ChessBase"]
[SourceDate "2021.10.06"]
[SourceVersion "1"]
[SourceVersionDate "2021.10.06"]
[SourceQuality "1"]
[WhiteTeam "Hamm Koenigsspringer II"]
[BlackTeam "Unna SV"]
[WhiteTeamCountry "GER"]
[BlackTeamCountry "GER"]

1. d4 Nf6 2. c4 d6 3. Nc3 g6 4. e4 Bg7 5. Bd3 Nbd7 6. Nge2 c5 7. d5 Ne5 8. 0-0 0-0 9. f4 Nxd3 10. Qxd3 a6 11. b3 b5 12. Rb1 b4 13. Nd1 a5 14. Bb2 a4 15. Nf2 Qc7 16. Ng3 axb3 17. axb3 Ra2 18. Qc2 Ng4 19. Qc1 Nxf2 20. Rxf2 Bxb2 21. Rbxb2 1/2-1/2

[Event "Ruhrgebiet Bezirksliga 17/18"]
[Site "Ruhrgebiet"]
[Date "2017.10.15"]
[Round "3.6"]
[White "Eichhorn, Robin"]
[Black "Junker, Timo"]
[Result "1/2-1/2"]
[WhiteElo "1728"]
[BlackElo "1792"]
[PlyCount "57"]
[EventDate "2017.09.03"]
[EventType "team-tourn"]
[EventRounds "9"]
[EventCountry "GER"]
[SourceTitle "EXT 2022"]
[Source "ChessBase"]
[SourceDate "2021.10.06"]
[SourceVersion "1"]
[SourceVersionDate "2021.10.06"]
[SourceQuality "1"]
[WhiteTeam "Unna SV"]
[BlackTeam "Ahlen SV II"]
[WhiteTeamCountry "GER"]
[BlackTeamCountry "GER"]

1. e4 c5 2. Nf3 e6 3. d4 cxd4 4. Nxd4 a6 5. Nc3 Qc7 6. Be3 Bb4 7. Qd3 Nf6 8. a3 Bxc3+ 9. bxc3 Nxe4 10. Bd2 d5 11. Be2 Nd7 12. Bf3 Ne5 13. Qe2 Nxc3 14. Qe3 Nxf3+ 15. gxf3 Nb5 16. Nxb5 axb5 17. Bb4 f6 18. f4 Qxc2 19. Rc1 Qe4 20. Qxe4 dxe4 21. Rc7 Bd7 22. 0-0 Kd8 23. Rxb7 Kc8 24. Rb6 Kc7 25. Rd6 Bc6 26. Rc1 Ra6 27. Rxe6 Rd8 28. Rxe4 Rd1+ 29. Rxd1 1/2-1/2

[Event "Unna op"]
[Site "Unna"]
[Date "2015.12.27"]
[Round "1"]
[White "Eichhorn, Robin"]
[Black "Nachbar, Benjamin"]
[Result "0-1"]
[WhiteElo "1645"]
[BlackElo "2187"]
[PlyCount "102"]
[EventDate "2015.12.27"]
[EventType "swiss"]
[EventRounds "7"]
[EventCountry "GER"]
[SourceTitle "EXT 2018"]
[Source "ChessBase"]
[SourceDate "2017.10.13"]
[SourceVersion "1"]
[SourceVersionDate "2017.10.13"]
[SourceQuality "1"]

1. e4 d6 2. d4 Nf6 3. Bd3 e5 4. c3 Nc6 5. Ne2 g6 6. 0-0 Bg7 7. f4 0-0 8. Be3 Ng4 9. Qd2 Nxe3 10. Qxe3 Bg4 11. d5 exf4 12. Nxf4 Ne5 13. Be2 Bd7 14. Nd2 Qe7 15. Nd3 c5 16. Nxe5 Bxe5 17. Nf3 Rae8 18. Nxe5 Qxe5 19. Bd3 Qxd5 20. Qg3 Qe5 21. Qxe5 Rxe5 22. Rf6 Re6 23. Raf1 Rxf6 24. Rxf6 Be6 25. Be2 Kg7 26. Rf1 a6 27. Rd1 Rd8 28. c4 Kf6 29. Kf2 Ke5 30. Ke3 b5 31. cxb5 axb5 32. a3 Rb8 33. h3 b4 34. a4 c4 35. Rc1 Rc8 36. a5 f5 37. exf5 gxf5 38. a6 d5 39. a7 Ra8 40. Ra1 f4+ 41. Kd2 Kd4 42. Bf3 Bf5 43. Ra4 Be4 44. Ke2 Kc5 45. Bxe4 dxe4 46. Kd2 Kb5 47. Ra1 Kb6 48. Ra4 Rxa7 49. Rxb4+ Kc5 50. Rb8 Rg7 51. Rf8 Rxg2+ 0-1

[Event "Ruhrgebiet Verbandsklasse Gruppe 1 1415"]
[Site "Germany"]
[Date "2014.11.16"]
[Round "3.8"]
[White "Fistoul, Ilja"]
[Black "Eichhorn, Robin"]
[Result "1/2-1/2"]
[WhiteElo "1588"]
[BlackElo "1617"]
[PlyCount "70"]
[EventDate "2014.09.21"]
[EventType "team-tourn"]
[EventRounds "9"]
[EventCountry "GER"]
[SourceTitle "EXT 2022"]
[Source "ChessBase"]
[SourceDate "2021.10.06"]
[SourceVersion "1"]
[SourceVersionDate "2021.10.06"]
[SourceQuality "1"]
[WhiteTeam "Bochum SG IV"]
[BlackTeam "Unna SV"]
[WhiteTeamCountry "GER"]
[BlackTeamCountry "GER"]

1. e4 e5 2. Nf3 Nc6 3. d4 exd4 4. Nxd4 Bc5 5. Be3 Qf6 6. c3 Nge7 7. Bc4 Ne5 8. Qe2 Qg6 9. f3 Nxc4 10. Qxc4 Bxd4 11. Bxd4 c6 12. 0-0 d5 13. Qe2 0-0 14. Re1 Bd7 15. exd5 Nxd5 16. Qd2 a5 17. Na3 Bf5 18. Nc4 Rfe8 19. Ne3 Nf4 20. Nxf5 Qxf5 21. Rxe8+ Rxe8 22. Re1 Rxe1+ 23. Qxe1 h5 24. Qe8+ Kh7 25. Qe4 Qxe4 26. fxe4 Ne2+ 27. Kf1 Nxd4 28. cxd4 Kg6 29. Kf2 Kf6 30. Kf3 g5 31. g4 h4 32. a3 a4 33. h3 Ke6 34. Ke3 Kd6 35. Kd3 b5 1/2-1/2